Zrážky zo mzdy v praxi

Salvato in:
Dettagli Bibliografici
Autore principale: Sklár, Adolf
Altri autori: Zeman, Vladimír
Natura: Libro
Lingua:slovacco
Pubblicazione: Bratislava Obzor 1972
Tags: Aggiungi Tag
Nessun Tag, puoi essere il primo ad aggiungerne!!

MARC

LEADER 00000nam a2200000 4500
001 c121529
005 20041019155222.7
041 0 |a slo 
044 |a SK 
245 1 0 |a Zrážky zo mzdy v praxi  |c Adolf Sklár, Vladimír Zeman 
264 1 |a Bratislava  |b Obzor  |c 1972 
300 |a 140 s. 
100 1 |a Sklár, Adolf 
700 1 |a Zeman, Vladimír